00411nam a22001457a 4500008004100000020001500041040005500056080002300111100002000134245001500154260003600169300001100205500002800216650002100244230324b |||||||| |||| 00| 0 eng d a8178080176 aNational Science LibrarycNational Science Library aD 681.3.06JavabP2 aHostmann, Cay S aCore Java  aNoida: bEducation Asia, c2000 a1204p. aVol.2 Advanced features aComputer science